[Event "SCG-chT1 (Women)"]
[Site "Vrnjacka Banja"]
[Date "2005.10.23"]
[Round "7"]
[White "Kostic, Maja"]
[Black "Rapport, Jovana"]
[Result "0-1"]
[WhiteElo "2192"]
[BlackElo "1979"]
[PlyCount "72"]
[EventDate "2005.10.17"]
[EventType "team"]
[EventRounds "11"]
[EventCountry "YUG"]
[SourceTitle "EXT 2006"]
[Source "ChessBase"]
[SourceDate "2005.11.24"]
[SourceVersion "1"]
[SourceVersionDate "2005.11.24"]
[SourceQuality "1"]

1. Nf3 e6 2. g3 b6 3. Bg2 Bb7 4. 0-0 f5 5. d3 Nf6 6. Nbd2 g6 7. e4 fxe4 8. Ng5 Bg7 9. Ndxe4 Nc6 10. Nxf6+ Qxf6 11. Ne4 Qf7 12. c3 0-0 13. Be3 Rab8 14. Ng5 Qe8 15. Qa4 Ne5 16. Qxa7 Bxg2 17. Kxg2 Qc8 18. Qa4 Nxd3 19. Qh4 h6 20. Nh3 Qb7+ 21. f3 Rf5 22. Rad1 Ne5 23. Qe4 d5 24. Qc2 d4 25. Bf4 d3 26. Qb3 Rd8 27. Qxe6+ Kh7 28. Bxe5 Rxe5 29. Qc4 b5 30. Qh4 Rd6 31. Rf2 Bf6 32. Qf4 g5 33. Qg4 c5 34. c4 Rd4 35. Nf4 gxf4 36. gxf4 Rg5 0-1

[Event "Nisa Seniorsko op"]
[Site "Nisa"]
[Date "2003.04.13"]
[Round "6"]
[White "Maksimovic, Branimir"]
[Black "Kostic, Maja"]
[Result "1-0"]
[WhiteElo "2387"]
[BlackElo "2158"]
[PlyCount "45"]
[EventDate "2003.04.09"]
[EventType "swiss"]
[EventRounds "9"]
[EventCountry "YUG"]
[SourceTitle "EXT 2004"]
[Source "ChessBase"]
[SourceDate "2003.11.25"]
[SourceVersion "1"]
[SourceVersionDate "2003.11.25"]
[SourceQuality "1"]

1. e4 c6 2. c4 d5 3. exd5 cxd5 4. d4 Nf6 5. Nc3 e6 6. Nf3 Bb4 7. Bd3 0-0 8. 0-0 Nc6 9. Bg5 Be7 10. Re1 Nb4 11. c5 b6 12. Bb1 bxc5 13. dxc5 h6 14. Bh4 Nc6 15. a3 a5 16. Qc2 g6 17. Qd2 Kg7 18. Bd3 Bxc5 19. Rac1 Be7 20. Na4 Bd7 21. Nc5 Qe8 22. Nxd7 Qxd7 23. Bb5 1-0

[Event "YUG-ch (Women)"]
[Site "Kotor"]
[Date "2002.04.18"]
[Round "6"]
[White "Kostic, Maja"]
[Black "Maksimovic, Suzana"]
[Result "0-1"]
[WhiteElo "2170"]
[BlackElo "2282"]
[PlyCount "80"]
[EventDate "2002.04.13"]
[EventType "tourn"]
[EventRounds "13"]
[EventCountry "YUG"]
[SourceTitle "EXT 2003"]
[Source "ChessBase"]
[SourceDate "2002.11.25"]
[SourceVersion "1"]
[SourceVersionDate "2002.11.25"]
[SourceQuality "1"]

1. c4 b6 2. Nc3 Bb7 3. e4 e6 4. Nge2 g6 5. d4 Bg7 6. Be3 d6 7. Qd2 Nd7 8. Ng3 e5 9. d5 h5 10. Bd3 Bh6 11. 0-0 Bxe3 12. Qxe3 Ngf6 13. h3 h4 14. Nge2 Nh5 15. f4 exf4 16. Nxf4 Ne5 17. Nxh5 Rxh5 18. Rf2 Qg5 19. Qd4 Qg3 20. Rd1 Rg5 21. Kf1 0-0-0 22. Ne2 Qh2 23. Qe3 Qh1+ 24. Ng1 Rg3 25. Qe2 Kb8 26. c5 Rxd3 27. Rxd3 Ba6 28. Rff3 Nxf3 29. Qxf3 dxc5 30. Kf2 Bxd3 31. Qxd3 Qh2 32. Nf3 Qf4 33. Kg1 Qc1+ 34. Kh2 Qxb2 35. Nxh4 Qe5+ 36. Kh1 Re8 37. Nf3 Qxe4 38. Qb5 Rd8 39. Qc6 Qxd5 40. Qf6 Qd1+ 0-1

[Event "YUG-ch (Women)"]
[Site "Kotor"]
[Date "2002.04.16"]
[Round "4"]
[White "Kostic, Maja"]
[Black "Petrovic, Marija"]
[Result "0-1"]
[WhiteElo "2170"]
[BlackElo "2243"]
[PlyCount "136"]
[EventDate "2002.04.13"]
[EventType "tourn"]
[EventRounds "13"]
[EventCountry "YUG"]
[SourceTitle "EXT 2003"]
[Source "ChessBase"]
[SourceDate "2002.11.25"]
[SourceVersion "1"]
[SourceVersionDate "2002.11.25"]
[SourceQuality "1"]

1. c4 Nf6 2. Nc3 d5 3. cxd5 Nxd5 4. e4 Nxc3 5. bxc3 e5 6. Nf3 Bd6 7. Be2 0-0 8. 0-0 Bg4 9. Qb3 b6 10. d4 Bxf3 11. Bxf3 Nc6 12. Be3 Qf6 13. Rad1 Ne7 14. Be2 Ng6 15. g3 Qe7 16. Bf3 Rad8 17. Bg2 c5 18. h4 Qc7 19. h5 cxd4 20. cxd4 exd4 21. Bxd4 Be5 22. Be3 Ne7 23. f4 Bd6 24. Rc1 Qd7 25. Kh2 Nc6 26. e5 Bc5 27. Bxc5 bxc5 28. Rxc5 Nd4 29. Qc4 Qg4 30. e6 Nxe6 31. Rd5 Rxd5 32. Qxd5 Qe2 33. Rd1 h6 34. Rd2 Qe1 35. Qa5 Nd4 36. Qc3 Nf5 37. Rc2 Qe7 38. Bf3 Rd8 39. Re2 Qf6 40. Re5 Nd4 41. Bd5 Qb6 42. Bg2 Ne6 43. Re2 Qa6 44. Qe5 Qd3 45. Kh3 Qd1 46. Rb2 Ng5+ 47. Kh2 Qxh5+ 48. Kg1 Nf3+ 49. Bxf3 Qxf3 50. Kh2 Qa8 51. a4 Re8 52. Qb5 a5 53. Qd7 Re1 54. Rb7 Re2+ 55. Kh3 Qf8 56. Rc7 Re8 57. Qf5 Ra8 58. Qd5 Qe8 59. Rxf7 Qxf7 60. Qxa8+ Kh7 61. Qxa5 Qe6+ 62. f5 Qe2 63. Qb5 Qf3 64. Qb1 Qh5+ 65. Kg2 Qe2+ 66. Kg1 Qe3+ 67. Kf1 Qf3+ 68. Ke1 Qh1+ 0-1

[Event "YUG-ch (Women) 54th"]
[Site "Herceg Novi"]
[Date "2001.04.02"]
[Round "10"]
[White "Kostic, Maja"]
[Black "Maksimovic, Suzana"]
[Result "1/2-1/2"]
[WhiteElo "2178"]
[BlackElo "2315"]
[PlyCount "93"]
[EventDate "2001.03.23"]
[EventType "tourn"]
[EventRounds "15"]
[EventCountry "YUG"]
[SourceTitle "CBM 081 Extra"]
[Source "ChessBase"]
[SourceDate "2001.05.06"]
[SourceVersion "1"]
[SourceVersionDate "2001.05.06"]
[SourceQuality "1"]

1. c4 Nf6 2. Nc3 e5 3. g3 c6 4. Nf3 e4 5. Nd4 d5 6. cxd5 Qb6 7. e3 cxd5 8. Bg2 Nc6 9. Nxc6 bxc6 10. d3 Bb4 11. 0-0 Ba6 12. dxe4 Bxf1 13. Qxf1 0-0 14. exd5 Bxc3 15. bxc3 cxd5 16. c4 Rad8 17. Ba3 Rfe8 18. c5 Qa5 19. Qd3 Ne4 20. Rc1 Re6 21. c6 f5 22. Bf1 Rc8 23. c7 Kf7 24. f3 Nf6 25. Rc5 Qb6 26. Qc3 Re7 27. Rb5 Rexc7 28. Qd2 Qe6 29. Bb2 Rc2 30. Qd4 R8c7 31. Bd3 R2c6 32. Qf4 g6 33. Be5 Re7 34. Bd4 Rcc7 35. Qh6 Rb7 36. Rc5 Rec7 37. Ra5 Rc6 38. Bc5 Qc8 39. Bd4 Qe6 40. Bxa7 Rc1+ 41. Bf1 Qc6 42. Kg2 Rxf1 43. Bc5 Rfb1 44. Qf8+ Ke6 45. Ra6 Qxa6 46. Qc8+ Kf7 47. Qf8+ 1/2-1/2

[Event "YUG-ch (Women) 54th"]
[Site "Herceg Novi"]
[Date "2001.03.29"]
[Round "6"]
[White "Petrovic, Marija"]
[Black "Kostic, Maja"]
[Result "1-0"]
[WhiteElo "2210"]
[BlackElo "2178"]
[PlyCount "99"]
[EventDate "2001.03.23"]
[EventType "tourn"]
[EventRounds "15"]
[EventCountry "YUG"]
[SourceTitle "CBM 081 Extra"]
[Source "ChessBase"]
[SourceDate "2001.05.06"]
[SourceVersion "1"]
[SourceVersionDate "2001.05.06"]
[SourceQuality "1"]

1. d4 Nf6 2. Nf3 e6 3. e3 b6 4. Bd3 Bb7 5. 0-0 Be7 6. c4 c5 7. b3 d6 8. Bb2 Nbd7 9. a3 0-0 10. Nc3 Rc8 11. Re1 Qc7 12. b4 a6 13. e4 cxd4 14. Nxd4 Ne5 15. Rc1 Nxd3 16. Qxd3 Bd8 17. Nd1 Qb8 18. b5 Qa8 19. f3 Nd7 20. bxa6 Bxa6 21. Nb5 Bxb5 22. cxb5 Rxc1 23. Bxc1 Nc5 24. Qb1 Qa5 25. Kf1 Bf6 26. Ne3 Qc3 27. Rd1 Nb3 28. Ng4 Rc8 29. Nxf6+ gxf6 30. Bh6 Nd4 31. Qd3 e5 32. Qxc3 Rxc3 33. a4 f5 34. Rc1 Rc5 35. Be3 Rxc1+ 36. Bxc1 Kf8 37. Be3 Ke7 38. exf5 d5 39. Bxd4 exd4 40. Ke2 Kd6 41. g4 Kc5 42. h4 Kb4 43. g5 Kxa4 44. h5 Kxb5 45. g6 hxg6 46. fxg6 fxg6 47. hxg6 Kc4 48. g7 b5 49. g8Q b4 50. Qc8+ 1-0

[Event "YUG-ch (Women) 54th"]
[Site "Herceg Novi"]
[Date "2001.03.24"]
[Round "2"]
[White "Dimitrijevic, Aleksandra"]
[Black "Kostic, Maja"]
[Result "1-0"]
[WhiteElo "2115"]
[BlackElo "2178"]
[PlyCount "63"]
[EventDate "2001.03.23"]
[EventType "tourn"]
[EventRounds "15"]
[EventCountry "YUG"]
[SourceTitle "CBM 081 Extra"]
[Source "ChessBase"]
[SourceDate "2001.05.06"]
[SourceVersion "1"]
[SourceVersionDate "2001.05.06"]
[SourceQuality "1"]

1. e4 c6 2. d4 d5 3. e5 Bf5 4. g4 Be4 5. f3 Bg6 6. Ne2 e6 7. h4 h6 8. h5 Bh7 9. Nbc3 c5 10. Be3 Nd7 11. f4 Be7 12. Bf2 Qa5 13. Bg2 b5 14. a3 Rc8 15. 0-0 cxd4 16. Nxd4 a6 17. Qe2 Qc7 18. Rae1 Qc4 19. Qf3 b4 20. axb4 Bxb4 21. f5 exf5 22. e6 Ndf6 23. Nxf5 Bxf5 24. exf7+ Kxf7 25. Qxf5 Ne7 26. Rxe7+ Kxe7 27. Nxd5+ Nxd5 28. Bxd5 Qe2 29. Qf7+ Kd6 30. Bf3 Qe7 31. Bg3+ Kd7 32. Rd1+ 1-0

[Event "YUG-chT (Women)"]
[Site "Kragujevac"]
[Date "2000.12.13"]
[Round "3"]
[White "Kostic, Maja"]
[Black "Djuric, Vesna"]
[Result "0-1"]
[WhiteElo "2178"]
[BlackElo "2024"]
[PlyCount "66"]
[EventDate "2000.12.11"]
[EventType "team"]
[EventRounds "11"]
[EventCountry "YUG"]
[SourceTitle "CBM 079 Extra"]
[Source "ChessBase"]
[SourceDate "2001.01.11"]
[SourceVersion "2"]
[SourceVersionDate "2001.01.25"]
[SourceQuality "1"]

1. c4 Nf6 2. Nc3 c5 3. e4 Nc6 4. f4 d6 5. d3 g6 6. Nf3 Bg7 7. Be2 0-0 8. 0-0 a6 9. Kh1 Rb8 10. a4 Ne8 11. Be3 Nc7 12. d4 cxd4 13. Nxd4 Nxd4 14. Bxd4 Ne6 15. Be3 b6 16. Nd5 Nc5 17. Qc2 f5 18. e5 dxe5 19. fxe5 Bxe5 20. a5 f4 21. Bxf4 Bf5 22. Qd1 Bxf4 23. Rxf4 bxa5 24. Rf2 e6 25. Ne3 Rxb2 26. Nxf5 Qxd1+ 27. Rxd1 exf5 28. Kg1 Ne4 29. c5 Nxf2 30. Kxf2 Re8 31. Re1 Rc2 32. Kf1 Kf8 33. Ra1 Rexe2 0-1

[Event "EU-Cup (Women) 05th"]
[Site "Halle"]
[Date "2000.09.26"]
[Round "3.4"]
[White "Chelushkina, Irina"]
[Black "Kostic, Maja"]
[Result "1-0"]
[WhiteElo "2415"]
[BlackElo "2178"]
[PlyCount "97"]
[EventDate "2000.09.24"]
[EventType "team-swiss"]
[EventRounds "7"]
[EventCountry "GER"]
[SourceTitle "EXT 2013"]
[Source "ChessBase"]
[SourceDate "2012.11.22"]
[SourceVersion "1"]
[SourceVersionDate "2012.11.22"]
[SourceQuality "1"]
[WhiteTeam "Belgrade Agrouniverzal (W)"]
[BlackTeam "Belgrade BAS (W)"]
[WhiteTeamCountry "YUG"]
[BlackTeamCountry "YUG"]

1. e4 c6 2. d3 d5 3. Nd2 e5 4. Ngf3 Bd6 5. Be2 Nf6 6. 0-0 0-0 7. c3 a5 8. Re1 Re8 9. Qc2 Nbd7 10. Nf1 Qc7 11. Ng3 Nf8 12. Bg5 Be7 13. Bf1 dxe4 14. Bxf6 Bxf6 15. Nxe4 Bf5 16. Nxf6+ gxf6 17. Qa4 Ng6 18. Re3 b5 19. Qc2 a4 20. Qc1 c5 21. d4 c4 22. Qe1 e4 23. Nd2 Qc6 24. g3 Re7 25. Bg2 Rae8 26. Qf1 Bd7 27. Rae1 f5 28. a3 Qb7 29. f3 Bc6 30. fxe4 fxe4 31. Qf5 Bd7 32. Qf6 Re6 33. Rxe4 Bc6 34. Rxe6 fxe6 35. Ne4 Re7 36. Qg5 Qc7 37. Nf6+ Kg7 38. Nh5+ Kg8 39. Bxc6 Qxc6 40. Nf4 Qe8 41. Nxg6 hxg6 42. Re5 Kh7 43. Qe3 Qf8 44. Kg2 b4 45. axb4 a3 46. bxa3 Qa8+ 47. Qe4 Qxa3 48. Rh5+ Kg7 49. Qe5+ 1-0

[Event "Serbia-ch (Women)"]
[Site "Kragujevac"]
[Date "2000.??.??"]
[Round "1"]
[White "Kostic, Maja"]
[Black "Babic, Marijana"]
[Result "1-0"]
[WhiteElo "2172"]
[BlackElo "2141"]
[PlyCount "81"]
[EventDate "2000.02.19"]
[EventType "swiss"]
[EventRounds "9"]
[EventCountry "YUG"]
[SourceTitle "EXT 2001"]
[Source "ChessBase"]
[SourceDate "2000.11.22"]
[SourceVersion "1"]
[SourceVersionDate "2000.11.22"]
[SourceQuality "1"]

1. d4 d5 2. Nf3 Nf6 3. Bf4 Bf5 4. e3 e6 5. Nbd2 Bd6 6. Bg5 Nbd7 7. Be2 0-0 8. Nh4 Bg6 9. f4 c5 10. c3 Qb6 11. Nxg6 hxg6 12. Rb1 cxd4 13. exd4 Nh7 14. Bd3 Nxg5 15. fxg5 Bf4 16. Qg4 Qc7 17. Nf3 e5 18. Bb5 Nb6 19. g3 Be3 20. Nxe5 Qe7 21. Kf1 Qxg5 22. h4 Qf5+ 23. Kg2 f6 24. Qxf5 gxf5 25. Ng6 Rfd8 26. Rbe1 Bh6 27. Ne7+ Kf8 28. Nxf5 a6 29. Re6 axb5 30. Rxb6 Rxa2 31. Rxb5 Rd7 32. Rb6 Kf7 33. Nxh6+ gxh6 34. Rf1 Kg7 35. Kh3 Rf7 36. Rf5 Rd7 37. Rfxf6 Rxb2 38. Rxh6 Re2 39. Rhd6 Rf7 40. Rxd5 Re3 41. Rdb5 1-0

[Event "Serbia-ch (Women)"]
[Site "Kragujevac"]
[Date "2000.??.??"]
[Round "5"]
[White "Kostic, Maja"]
[Black "Nikolic, Mila"]
[Result "1-0"]
[WhiteElo "2172"]
[BlackElo "2021"]
[PlyCount "103"]
[EventDate "2000.02.19"]
[EventType "swiss"]
[EventRounds "9"]
[EventCountry "YUG"]
[SourceTitle "EXT 2001"]
[Source "ChessBase"]
[SourceDate "2000.11.22"]
[SourceVersion "1"]
[SourceVersionDate "2000.11.22"]
[SourceQuality "1"]

1. d4 e6 2. c4 f5 3. g3 Nf6 4. Bg2 d5 5. Nh3 c6 6. Qc2 Bb4+ 7. Bd2 Bd6 8. 0-0 0-0 9. Bf4 Be7 10. Nd2 Ne4 11. Nxe4 fxe4 12. Be5 Nd7 13. f3 Nxe5 14. dxe5 exf3 15. exf3 Qb6+ 16. Kh1 Bd7 17. Rad1 Be8 18. Nf4 Rf5 19. Rfe1 Bb4 20. Re2 g5 21. Nxe6 Bg6 22. Qc1 dxc4 23. Nxg5 Qa6 24. f4 Be7 25. Nf3 Rff8 26. a3 c3 27. Re3 cxb2 28. Qxb2 Rad8 29. Qb3+ Kh8 30. Rxd8 Rxd8 31. g4 Rd3 32. Rxd3 Qxd3 33. Qxd3 Bxd3 34. a4 c5 35. Ne1 Be2 36. Bxb7 Bxg4 37. Be4 c4 38. Nc2 Bc5 39. Kg2 Kg7 40. f5 h6 41. h3 Bd1 42. Kg3 a5 43. Kf4 Bh5 44. f6+ Kf8 45. Ne3 c3 46. Bc2 Bf7 47. Nf5 Bg6 48. e6 Be8 49. Ng7 Bc6 50. Ke5 Bb4 51. Nf5 h5 52. Nd6 1-0

[Event "Serbia-ch (Women)"]
[Site "Kragujevac"]
[Date "2000.??.??"]
[Round "4"]
[White "Paramentic, Mila"]
[Black "Kostic, Maja"]
[Result "0-1"]
[WhiteElo "2050"]
[BlackElo "2172"]
[PlyCount "112"]
[EventDate "2000.02.19"]
[EventType "swiss"]
[EventRounds "9"]
[EventCountry "YUG"]
[SourceTitle "EXT 2001"]
[Source "ChessBase"]
[SourceDate "2000.11.22"]
[SourceVersion "1"]
[SourceVersionDate "2000.11.22"]
[SourceQuality "1"]

1. e4 c6 2. d4 d5 3. exd5 cxd5 4. Bd3 Nc6 5. c3 Nf6 6. h3 g6 7. Nf3 Bg7 8. 0-0 0-0 9. Bf4 Nd7 10. Re1 a6 11. a4 Re8 12. Nbd2 f6 13. Qb3 Nf8 14. c4 Na5 15. Qc3 Bf5 16. Bxf5 gxf5 17. cxd5 Rc8 18. Qa3 Ng6 19. Qe3 Qxd5 20. Bh6 Rc6 21. Bxg7 Kxg7 22. Rac1 Rec8 23. Rxc6 Rxc6 24. b4 Nc4 25. Nxc4 Rxc4 26. Qb3 b5 27. axb5 axb5 28. Qa3 Qd6 29. Rb1 Qc6 30. Qd3 Qe4 31. Qf1 Qc2 32. Qe1 Kf7 33. Ra1 Qe4 34. Qd2 Kg7 35. Rc1 Nf4 36. Re1 Nxh3+ 37. Kh2 Qg4 38. Rxe7+ Kg6 39. gxh3 Qxf3 40. Re8 Qd5 41. Qe3 Rxd4 42. Rg8+ Kh5 43. Qe8+ Kh4 44. Qf8 Qe5+ 45. Rg3 h5 46. Kg2 Rd1 47. Qh6 Qe4+ 48. Rf3 Rg1+ 49. Kxg1 Qxf3 50. Qd2 Kxh3 51. Kf1 Qe4 52. Qd6 f4 53. Qd7+ f5 54. Qg7 h4 55. Qc3+ f3 56. Qb2 Qe2+ 0-1

[Event "YUG-ch (Women)"]
[Site "Belgrade"]
[Date "1999.10.28"]
[Round "10"]
[White "Maksimovic, Suzana"]
[Black "Kostic, Maja"]
[Result "1-0"]
[WhiteElo "2263"]
[BlackElo "2205"]
[PlyCount "121"]
[EventDate "1999.10.18"]
[EventType "tourn"]
[EventRounds "13"]
[EventCountry "YUG"]
[EventCategory "1"]
[SourceTitle "CBM 073 Extra"]
[Source "ChessBase"]
[SourceDate "2000.01.11"]
[SourceVersion "1"]
[SourceVersionDate "2000.01.11"]
[SourceQuality "1"]

1. d4 d6 2. Nf3 Bg4 3. g3 Bxf3 4. exf3 e6 5. f4 c6 6. Bd3 g6 7. Nd2 Bg7 8. Nf3 Ne7 9. Qe2 Nd7 10. 0-0 0-0 11. Re1 Re8 12. Qf1 b5 13. Qh3 Nd5 14. Bd2 Rb8 15. Re2 c5 16. c3 c4 17. Bc2 a5 18. Rae1 Nc7 19. g4 f5 20. Ng5 Nf8 21. d5 fxg4 22. Qxg4 exd5 23. Rxe8 Nxe8 24. Nxh7 Kxh7 25. Qh5+ Kg8 26. Qxd5+ Kh8 27. Re3 Nf6 28. Rh3+ N8h7 29. Qg2 Kg8 30. Bxg6 Nf8 31. Bf5 Qe7 32. Be3 b4 33. Qc6 d5 34. Bd4 Qb7 35. Qd6 Ne8 36. Be6+ Nxe6 37. Qxe6+ Qf7 38. Qg4 Nf6 39. Qh4 Re8 40. Rg3 Re6 41. f5 Rc6 42. Rg6 Kf8 43. Qg5 Qg8 44. h4 Qf7 45. h5 Qe7 46. Kf1 Qe4 47. Kg1 Qe1+ 48. Kh2 Ng4+ 49. Qxg4 Rxg6 50. fxg6 Be5+ 51. Kg2 Bxd4 52. Qxd4 Qe6 53. Kg3 Kg8 54. Qf4 a4 55. Qb8+ Kg7 56. Qc7+ Kf6 57. h6 Qg8 58. Qd6+ Kg5 59. g7 Qe8 60. Qxd5+ Kxh6 61. g8Q 1-0